000 00528nmm a2200169Ia 4500
008 251105s9999||||xx |||||||||||||||||und||
020 _a9788497428958
041 _aspa
100 _aUjaldón, Enrique
245 0 _aLa constitución de la libertad en Adam Smith
264 _a[Madrid, España] :
_bBiblioteca Nueva,
_c2008
300 _a176 páginas
490 _aBiblioteca Saavedra Fajardo de pensamiento político
650 _aPhilosophy, Ethics
856 _uhttps://public.digitaliapublishing.com/a/21
942 _cCF
999 _c90433
_d90433